| 000 | 00925nam a2200289 c 4500 | ||
|---|---|---|---|
| 001 | 7541 | ||
| 003 | ES-MaCES | ||
| 005 | 20150925135626.0 | ||
| 008 | 980815s1993 gw d 000 | eng d | ||
| 020 | _a3802974301 (Walhalla) | ||
| 020 | _a9282656837 (Amt für Amtliche ...) | ||
| 035 | _aCES19980076418m | ||
| 040 |
_aES-MaCES _bspa _cES-MaCES |
||
| 100 | 1 |
_aWeiss, Manfred _926205 |
|
| 245 | 1 | 0 |
_aHandlexikon Arbeitsbeziehungen in der Bundesrepublik Deutschland _bArbeitsrecht, Sozialrecht, Wirtschaft und Arbeitsmarkt _cManfred Weiss |
| 260 |
_aBerlin [etc.] _bWalhalla _c[1993] |
||
| 300 |
_a356 p. _c21 cm |
||
| 541 | _cGratuito | ||
| 650 | 4 |
_atrabajo _928289 |
|
| 650 | 4 |
_adiccionario _928997 |
|
| 650 | 4 |
_alengua alemana _930847 |
|
| 653 | 1 | 0 | _aDiccionarios temáticos |
| 650 | 4 |
_928369 _arelaciones laborales |
|
| 902 | _aLIB Libro | ||
| 942 |
_2CES _cBK _h9.3. |
||
| 999 |
_c7541 _d7541 |
||